| 000 | 01182nac a22003131u 4500 | ||
|---|---|---|---|
| 003 | EG-ScBUE | ||
| 005 | 20220414110811.0 | ||
| 008 | 200219s1998 ii f 000 1 eng d | ||
| 020 | _a8175810327 | ||
| 040 |
_aEG-ScBUE _beng _erda _cEG-ScBUE _dEG-ScBUE |
||
| 082 | 0 | 4 |
_a823.8 _bHAR _222 |
| 100 | 1 |
_aHardy, Thomas, _d1840-1928, _eauthor. _938810 |
|
| 245 | 1 | 0 |
_aTess of the D'Urbervilles: _ba critical study / _cThomas Hardy ; [edited] by Ramji Lall, M.A., formerly principal, Dyal Singh College, University of Delhi. |
| 250 | _aEighteenth edition. | ||
| 264 | 1 |
_aNew Delhi : _bRama Brothers Educational Publishers, _c1998. |
|
| 300 |
_ax, 220 pages ; _c20 cm |
||
| 336 |
_2rdacontent _atext _btxt |
||
| 337 |
_2rdamedia _aunmediated _bn |
||
| 338 |
_2rdacarrier _avolume _bnc |
||
| 650 | 7 |
_aTriangles (Interpersonal relations) _vFiction. _2BUEsh |
|
| 650 | 7 |
_aChildren of clergy _vFiction. _2BUEsh |
|
| 650 | 7 |
_aWomen domestics _vFiction. _2BUEsh |
|
| 650 | 7 |
_aMan-woman relationships _vFiction. _2BUEsh _935180 |
|
| 651 | _2BUEsh | ||
| 653 |
_bHHUUEENN _cApril2022 |
||
| 655 |
_vReading book _934232 |
||
| 700 | 1 |
_aLall, Ramji, _eeditor. |
|
| 942 |
_cBB _k823.8 HAR _2ddc |
||
| 999 |
_c9906 _d9906 |
||